[Event "Tunja Boyaca op-B"]
[Site "Tunja"]
[Date "2019.08.01"]
[Round "3"]
[White "Rey Serrano, Jorge Enrique"]
[Black "Gonzalez Mojica, Renan Arturo"]
[Result "0-1"]
[WhiteElo "1694"]
[BlackElo "1298"]
[PlyCount "76"]
[EventDate "2019.07.31"]
[EventType "swiss"]
[EventRounds "9"]
[EventCountry "COL"]
[SourceTitle "EXT 2020"]
[Source "ChessBase"]
[SourceDate "2019.10.17"]
[SourceVersion "1"]
[SourceVersionDate "2019.10.17"]
[SourceQuality "1"]

1. e4 d6 2. d4 g6 3. Nc3 Nf6 4. Bd3 Bg7 5. Nge2 Nc6 6. h3 0-0 7. Be3 a6 8. a3 e5 9. Qd2 exd4 10. Nxd4 Nxd4 11. Bxd4 Re8 12. 0-0 Be6 13. Be3 d5 14. Bg5 dxe4 15. Bxe4 Qxd2 16. Bxd2 Nxe4 17. Nxe4 Bc4 18. Rfe1 Bxb2 19. Rab1 Bxa3 20. Nf6+ Kf8 21. Rxe8+ Rxe8 22. Nxe8 Kxe8 23. Rxb7 Bd6 24. Bc3 Kd7 25. Rb8 h5 26. Rb1 Kc6 27. Bd4 Ba2 28. Rb2 Bc4 29. f3 Kd5 30. c3 a5 31. Kf2 a4 32. Rb1 a3 33. Ke3 a2 34. Ra1 Ba3 35. Rd1 Bb3 36. c4+ Kxc4 37. Rd3 Bc1+ 38. Ke2 Bc2 0-1

[Event "COL-ch sf 2nd"]
[Site "Tunja"]
[Date "2018.04.18"]
[Round "3"]
[White "Rey Serrano, Jorge Enrique"]
[Black "Acosta, Jaime"]
[Result "1-0"]
[WhiteElo "1681"]
[BlackElo "1645"]
[PlyCount "105"]
[EventDate "2018.04.17"]
[EventType "swiss"]
[EventRounds "10"]
[EventCountry "COL"]
[SourceTitle "CBM 184 Extra"]
[Source "ChessBase"]
[SourceDate "2018.06.28"]
[SourceVersion "1"]
[SourceVersionDate "2018.06.28"]
[SourceQuality "1"]

1. e4 e5 2. Nf3 Nf6 3. Nxe5 d6 4. Nf3 Nxe4 5. d4 Bg4 6. Bd3 d5 7. 0-0 Be7 8. h3 Bh5 9. c4 c6 10. Re1 Bg6 11. cxd5 cxd5 12. Nc3 Nxc3 13. bxc3 0-0 14. Ne5 Nc6 15. Bxg6 hxg6 16. Rb1 Nxe5 17. Rxe5 Bf6 18. Re2 b6 19. Qd3 Re8 20. Bd2 Rxe2 21. Qxe2 Qd7 22. Qb5 Rd8 23. Qxd7 Rxd7 24. Re1 Kf8 25. Kf1 Rc7 26. Ke2 Rc4 27. Kd3 b5 28. Rb1 a6 29. Bc1 Ke8 30. Ba3 Kd7 31. Bb4 Rc6 32. Ra1 Re6 33. a4 bxa4 34. Rxa4 Rc6 35. Ba5 Be7 36. c4 Ke6 37. c5 Rc8 38. Rb4 Rc6 39. Rb8 f5 40. Bb6 f4 41. Ra8 Bh4 42. f3 Bf6 43. Rxa6 Bd8 44. Kc3 Bf6 45. Ra7 g5 46. Ra4 Kf5 47. Ra2 Re6 48. Rd2 Re3+ 49. Kc2 Re6 50. Kb3 Re3+ 51. Kb4 Ke6 52. Kb5 Rb3+ 53. Kc6 1-0

[Event "Bucaramanga Feria op 2nd"]
[Site "Bucaramanga"]
[Date "2013.09.21"]
[Round "3"]
[White "Rey Serrano, Jorge Enrique"]
[Black "Sepulveda, Lyda Marcela"]
[Result "1-0"]
[WhiteElo "1727"]
[BlackElo "1538"]
[PlyCount "55"]
[EventDate "2013.09.20"]
[EventType "swiss"]
[EventRounds "7"]
[EventCountry "COL"]
[SourceTitle "CBM 156 Extra"]
[Source "ChessBase"]
[SourceDate "2013.10.22"]
[SourceVersion "1"]
[SourceVersionDate "2013.10.22"]
[SourceQuality "1"]

1. e4 e5 2. Nf3 Nc6 3. Bb5 Nf6 4. 0-0 a6 5. Ba4 b5 6. Bb3 Na5 7. Nxe5 Nxb3 8. axb3 d6 9. Nf3 Bb7 10. d3 Be7 11. Re1 0-0 12. Nbd2 Re8 13. Nf1 d5 14. e5 Nh5 15. g4 Qd7 16. Nd4 Bh4 17. Nf5 d4 18. Nxh4 Re6 19. gxh5 Qd5 20. Ng3 Rae8 21. Bf4 h6 22. Qg4 g5 23. Bxg5 hxg5 24. Qxg5+ Kf8 25. f3 Rxe5 26. Rxe5 Rxe5 27. Nhf5 Rxf5 28. Qxf5 1-0